| 000 -LEADER |
| fixed length control field |
00778nam a22001937a 4500 |
| 001 - CONTROL NUMBER |
| control field |
12464 |
| 003 - CONTROL NUMBER IDENTIFIER |
| control field |
BD-DhUAP |
| 005 - DATE AND TIME OF LATEST TRANSACTION |
| control field |
20201115153029.0 |
| 008 - FIXED-LENGTH DATA ELEMENTS--GENERAL INFORMATION |
| fixed length control field |
201115r20021994ii a|||| |||| 000 0 ben d |
| 020 ## - INTERNATIONAL STANDARD BOOK NUMBER |
| International Standard Book Number |
8186908297 |
| 040 ## - CATALOGING SOURCE |
| Original cataloging agency |
BD-DhUAP |
| Language of cataloging |
Ben |
| Transcribing agency |
BD-DhUAP |
| Modifying agency |
BD-DhUAP |
| 082 ## - DEWEY DECIMAL CLASSIFICATION NUMBER |
| Edition number |
23 |
| Classification number |
759.954 VOR |
| 100 ## - MAIN ENTRY--PERSONAL NAME |
| Personal name |
ভট্টাচার্য, অশোক। |
| 245 ## - TITLE STATEMENT |
| Title |
বাংলার চিত্রকলা / |
| Statement of responsibility, etc. |
অশোক ভট্টাচার্য । |
| 260 ## - PUBLICATION, DISTRIBUTION, ETC. |
| Place of publication, distribution, etc. |
কলকাতা : |
| Name of publisher, distributor, etc. |
পশ্চিমবঙ্গ বাংলা আকাদেমি, |
| Date of publication, distribution, etc. |
c১৯৯৪ [মুদ্রণ ২০০২]। |
| 300 ## - PHYSICAL DESCRIPTION |
| Extent |
২৪৯ পৃষ্ঠা : |
| Other physical details |
চিত্র ; |
| Dimensions |
২২ সেমি.। |
| 650 ## - SUBJECT ADDED ENTRY--TOPICAL TERM |
| Topical term or geographic name entry element |
Painting |
| Form subdivision |
History |
| Geographic subdivision |
India. |
| 942 ## - ADDED ENTRY ELEMENTS (KOHA) |
| Source of classification or shelving scheme |
|
| Koha item type |
Book |